La crisis de la educación nacional (contribución a su interpretación y perspectiva)

Tallennettuna:
Bibliografiset tiedot
Päätekijä: Solano Rojas, Wilbert Ezequiel
Aineistotyyppi: Kirja
Kieli:Undetermined
Julkaistu: San José, Costa Rica Escuela de Filosofía, Universidad de Costa Rica 1978
Aiheet:
Tagit: Lisää tagi
Ei tageja, Lisää ensimmäinen tagi!

MARC

LEADER 00000nam a2200000Ia 4500
008 170316s9999 xx 000 0 und d
040 |a cru BVZT 
090 |a TESIS 264 
100 |a Solano Rojas, Wilbert Ezequiel 
245 |a La crisis de la educación nacional (contribución a su interpretación y perspectiva) 
260 |a San José, Costa Rica 
260 |b Escuela de Filosofía, Universidad de Costa Rica 
260 |c 1978 
300 |a 154 páginas 
650 |a LICENCIATURA EN FILOSOFÍA 
650 |a TRABAJO FINAL DE GRADUACIÓN 
999 |c 13882  |d 13882 
942 |c TFG  |h TESIS 264  |2 z